000 00466nam a2200145Ia 4500
008 090124s9999 xx 000 0 und d
082 _b134139
_a104031
245 _a संशय का मनी आला ?
250 _a1
260 _bकुलकर्णी ज्ञानेश्र्वर म.
_c2006
300 _a256
630 _a संशय का मनी आला ?
730 _a संशय का मनी आला ?
942 _cBOOK
999 _c181485
_d181485